00718nam a2200217 a 4500008004100000020002200041100002400063245011400087260004700201300002400248504004100272650004600313650002400359650002500383650001900408651002600427700002000453003000100473005001700474040000900491  a0850926696 (pbk.)1 aMohammed, Jennifer.10aUnderstanding educational financing :ba manual for developing countries /cJennifer Mohammed, Samuel Lochan. aLondon :bCommonwealth Secretariat,c2001? av, 195 p. ;c24 cm. aIncludes bibliographical references. 0aEducationzDeveloping countriesxFinance. 0aEducationxFinance. 0aResource allocation. 0aStates, Small. 0aDeveloping countries.1 aLochan, Samuel.20230123133857.0 cNUST